Podział Administracyjny Włoch - Flagi - Statystyki

Ogólne statystyki
  • Ten quiz został rozwiązany 43 razy
  • Średni wynik to 8 z 20
Statystyki odpowiedzi
Obrazkowy Odpowiedź % Poprawnych
Lacjum
78%
Sardynia
78%
Sycylia
78%
Kalabria
67%
Molise
67%
Emilia-Romania
56%
Marche
56%
Lombardia
44%
Apulia
33%
Kampania
33%
Piemont
33%
Toskania
33%
Wenecja Euganejska
33%
Abruzja
22%
Basilicata
22%
Dolina Aosty
22%
Friuli-Wenecja Julijska
22%
Liguria
22%
Umbria
22%
Trydent-Górna Adyga
11%
Nie znaleziono quizów pasujących do podanych kryteriów
Rozkład punktacji
Procent ludzi z każdym wynikiem
Percentyl według liczby udzielonych odpowiedzi
Twoja historia wyników
Nie rozwiązałeś tego quizu